Social and economic development plans microfiche project (Record no. 20016)

MARC details
000 -LEADER
fixed length control field 00263nam a2200097Ia 4500
082 ## - DEWEY DECIMAL CLASSIFICATION NUMBER
Classification number RR 016.3092 SOC
245 #0 - TITLE STATEMENT
Title Social and economic development plans microfiche project
260 ## - PUBLICATION, DISTRIBUTION, ETC. (IMPRINT)
Place of publication Poststrasse
Name of publisher Inter Documentation Company
Year of publication 1975
300 ## - PHYSICAL DESCRIPTION
Number of Pages 73p.
942 ## - ADDED ENTRY ELEMENTS (KOHA)
Koha item type Books
Holdings
Withdrawn status Lost status Damaged status Not for loan Home library Current library Date acquired Bill Date Full call number Accession Number Price effective from Koha item type
        NASSDOC Library NASSDOC Library 08/10/2004 2004-10-22 RR 016.3092 SOC 23311 18/04/2019 Books